| 000 | 00931nam a2200289 i 4500 | ||
|---|---|---|---|
| 001 | bg | ||
| 100 | 1 | _aKICIAK, Przemysław | |
| 245 | 1 | 0 |
_aPodstawy modelowania krzywych i powierzchni : _bzastosowania w grafice komputerowej / _cPrzemysław Kiciak. |
| 260 |
_aWarszawa : _bWydawnictwa Naukowo-Techniczne, _c2000. |
||
| 300 |
_a426 s. : _bil. ; _c25 cm. |
||
| 504 | _aBibliogr. - Indeks. | ||
| 650 | 9 | _aAlgebra liniowa | |
| 650 | 9 | _aAnaliza numeryczna | |
| 650 | 9 | _aGeometria rzutowa | |
| 650 | 9 | _aGrafika komputerowa | |
| 650 | 9 | _aKrzywe | |
| 650 | 9 | _aPowierzchnia | |
| 655 | _aPodręczniki akademickie | ||
| 020 | _a832042464X | ||
| 040 | _cBPK | ||
| 041 | 0 | _apl | |
| 080 | _a519.67:514.18:512.64:004.92](075.8) | ||
| 920 | _a83-204-2464-X | ||
| 942 | _cKS | ||
| 008 | s pl f |000 0 pol | ||
| 856 |
_uhttp://koha.tu.koszalin.pl/cgi-bin/koha/opac-detail.pl?biblionumber=37319 _yKatalog online BPK |
||
| 999 |
_c37319 _d37319 |
||